Гніздо горлиці (Запис № 17526)

000 -Маркер запису
Контрольне поле сталої довжини 01876nam a22002537a 4500
003 - Належність контрольного номера
Контрольне поле Uzh_bibl
008 - Кодовані дані
Контрольне поле сталої довжини 260427b |||||||| |||| 00| 0 ukr d
020 ## - Індекс ISBN
ISBN 978-617-12-2275-5
Ціна 45.00
040 ## - Джерело каталогіз.
Код мови каталог. укр.
041 ## - Код мови видання
Код мови оригіналу українська
Код мови тексту українська
080 ## - Індекс УДК
Індекс УДК 821(477)
090 ## - Шифри
Поличний індекс 821(477)
Авторський знак О 53
100 ## - Автор
Автор Олендій , Леся
245 ## - Назва
Назва Гніздо горлиці
Відповідальність кер.проє. В.Тютюнник; ред. П.Коробчук; корект. В.Немашкало; худож. ред. Ю.Дзекунова та ін.
Фізичний носій Текст
260 ## - Вихідні дані
Місце видання Харків
Видавництво Книжковий Клуб "Клуб Сімейного Дозвілля"
Дата видання 2017
300 ## - Фізичний опис
Обсяг 240 с.
Тип одиниці В опр.
520 ## - Анотація
Анотація Подейкують, горлиці будують свої гнізда лише там, де живуть щасливі люди… Дарина пишалася своєю родиною, красунею донькою, яка навчалася в університеті. У минулому два роки заробітчанських поневірянь в Італії заради майбутнього сім’ї. Роботи Дарина не цуралася ніякої — і ось тепер повертається… Та чому в гостинці, солодких великодніх італійських «голубах», їй вчувається гіркота? Через побачене вдома, через спогади, що не дають спати? Чи через маленьке життя десь під її серцем?.
521 ## - Примітка про цільове призначення
Примітка про цільове призначення Для широкого кола читачів
546 ## - Примітка про мову
Примітка про мову укр.
650 ## - Тематичні рубрики
Основна рубрика Літературно-художнє видання
653 ## - Ключові слова
Ключові слова Спогади
-- Родина
-- Робота в Італії
655 ## - Термін індексування — жанр/форма
Жанр/форма Проза
Типове ділення Роман
942 ## - ADDED ENTRY ELEMENTS (KOHA)
Джерело класифікації чи схема поличного розташування
Koha item type Книги
Фонди
Статус вилучення Статус втрати/відсутності Джерело класифікації чи схема поличного розташування Статус пошкодження Тип обігу (не для випозичання) Постійне розташування Поточне розташування Розташування у відділі Дата надходження Інвентарний номер Total Checkouts Повний (примірниковий) шифр зберігання Штрих-код Date last seen Дата, для якої чинна ціна заміни Тип одиниці (рівень примірника)
          Бібліотека-філія №3 Бібліотека-філія №3 Абонемент старший відділ 27/04/2026 72992   821(477) 4175 27/04/2026 27/04/2026 Книги

Працює на АБІС Коха